[Event "Elista (ol) 73/355"]
[Site "?"]
[Date "1998.??.??"]
[Round "?"]
[White "Rublevsky, Sergei"]
[Black "Aleksandrov, Aleksej"]
[Result "1/2-1/2"]
[WhiteElo "2685"]
[BlackElo "2595"]
[PlyCount "56"]
[EventDate "1998.??.??"]
[Source "ChessBase"]
[SourceDate "1998.06.01"]

1. e4 e5 2. Nf3 Nc6 3. d4 exd4 4. Nxd4 Qf6 5. Be3 Bc5 6. c3 Nge7 7. Bc4 Ne5 8. Be2 Qg6 9. O-O d6 10. Kh1 Qxe4 11. Nd2 Qg6 12. Nb5 O-O 13. Nxc7 Rb8 14. Nf3 Bxe3 15. fxe3 Ng4 16. Qd2 Nf5 17. Bd3 Qh6 18. Rfe1 Bd7 19. Bxf5 Bxf5 20. e4 Qxd2 21. Nxd2 Bd7 22. Kg1 Ne5 23. Nf3 Rbc8 24. Nd5 Rce8 25. Nc7 Re7 26. Nd5 Ree8 27. Nc7 Re7 28. Nd5 Ree8 1/2-1/2

[Event "2nd Sanjin Hotel Cup"]
[Site "Tiayuan CHN"]
[Date "2005.07.19"]
[Round "10"]
[White "Zhang Pengxiang"]
[Black "Zhang Zhong"]
[Result "1/2-1/2"]
[WhiteElo "2616"]
[BlackElo "2608"]
[PlyCount "78"]
[EventDate "2005.07.09"]
[Source "www.chesslib.no"]
[SourceDate "2004.05.04"]

1. e4 e5 2. Nf3 Nc6 3. d4 exd4 4. Nxd4 Qf6 5. Be3 Bc5 6. c3 Nge7 7. g3 d5 8. Bg2 Bxd4 9. cxd4 dxe4 10. Nc3 O-O 11. O-O Rd8 12. Nxe4 Qg6 13. Rc1 Bf5 14. Nc3 Nb4 15. Qa4 Ned5 16. Qb3 Be6 17. Nxd5 Nxd5 18. Qxb7 Rab8 19. Qxa7 Rxb2 20. Qa3 Rbb8 21. Rc5 h5 22. Qc1 Ra8 23. Qc2 Bf5 24. Qb3 c6 25. Rfc1 Rac8 26. Qb7 Rc7 27. Qa6 Be4 28. Qf1 Ra7 29. Bxe4 Qxe4 30. Qg2 Qd3 31. Rxc6 Nxe3 32. Qf3 Qxd4 33. fxe3 Qd5 34. Qxd5 Rxd5 35. Rc8+ Kh7 36. R8c5 Rxc5 37. Rxc5 Rxa2 38. Rxh5+ Kg6 39. Rh4 Re2 1/2-1/2

[Event "DSU"]
[Site "?"]
[Date "1998.03.01"]
[Round "?"]
[White "Maliangkay Rudolf J.(NED)"]
[Black "Tanggaard Hans"]
[Result "1/2-1/2"]
[WhiteElo "2612"]
[BlackElo "2597"]
[PlyCount "108"]
[EventDate "1998.??.??"]
[Source "www.chesslib.no"]
[SourceDate "2004.05.04"]

1. e4 e5 2. Nf3 Nc6 3. d4 exd4 4. Nxd4 Qf6 5. Be3 Bc5 6. c3 Nge7 7. Bc4 O-O 8. O-O Qg6 9. Nd2 Bxd4 10. Bxd4 Nxd4 11. cxd4 c6 12. Bd3 d5 13. f3 Be6 14. Qc2 dxe4 15. fxe4 Rad8 16. Nf3 Qh6 17. Rae1 Ng6 18. Bc4 Nf4 19. b3 Qf6 20. Qd2 b5 21. Bxe6 Nxe6 22. Rd1 Qf4 23. Qxf4 Nxf4 24. Rd2 Ng6 25. Rc1 Ne7 26. Rc5 Rd6 27. a4 bxa4 28. bxa4 Rb8 29. Rdc2 f6 30. Kf2 Kf7 31. g4 Rd7 32. h4 Rb4 33. a5 Rdb7 34. g5 R7b5 35. gxf6 gxf6 36. h5 a6 37. Rxb5 Rxb5 38. Re2 Rxa5 39. e5 Rd5 40. Ra2 a5 41. Ra4 h6 42. Rc4 c5 43. exf6 Kxf6 44. Rxc5 Rxc5 45. dxc5 a4 46. Ke3 a3 47. Nd2 Kg5 48. Kd4 a2 49. Nb3 Kxh5 50. Kc3 Kg4 51. Kb2 Nc6 52. Kxa2 h5 53. Nd2 h4 54. Ne4 Kf4 1/2-1/2

[Event "Sigeman & Co 11th"]
[Site "Malmo"]
[Date "2003.04.29"]
[Round "1"]
[White "Sutovsky, Emil"]
[Black "Hector, Jonny"]
[Result "1-0"]
[WhiteElo "2652"]
[BlackElo "2553"]
[PlyCount "53"]
[EventDate "2003.04.29"]
[Source "ChessBase"]
[SourceDate "2003.07.25"]

1. e4 e5 2. Nf3 Nc6 3. d4 exd4 4. Nxd4 Qf6 5. Be3 Bc5 6. c3 Qg6 7. Qf3 Bb6 8. Nb5 Nd8 9. Nd2 Ne6 10. Bxb6 axb6 11. Bc4 Ke7 12. Bxe6 fxe6 13. Nxc7 Ra5 14. b4 Rg5 15. g3 Nf6 16. Qe3 Ng4 17. Qxb6 Rf8 18. f4 Rh5 19. O-O-O Nxh2 20. Qg1 Ng4 21. Rxh5 Qxh5 22. Nc4 Kf7 23. Nd6+ Kg8 24. Qd4 e5 25. Qc4+ Kh8 26. Nd5 exf4 27. Nxf4 1-0

[Event "Makarska"]
[Site "?"]
[Date "1997.10.07"]
[Round "5"]
[White "Palac Mladen"]
[Black "Tkachiev Vladislav"]
[Result "1/2-1/2"]
[WhiteElo "2575"]
[BlackElo "2615"]
[PlyCount "21"]
[EventDate "1997.??.??"]
[Source "www.chesslib.no"]
[SourceDate "2004.05.04"]

1. e4 e5 2. Nf3 Nc6 3. d4 exd4 4. Nxd4 Bb4+ 5. c3 Bc5 6. Be3 Bb6 7. Bc4 d6 8. O-O Ne5 9. Be2 Nf6 10. Nd2 O-O 11. a4 1/2-1/2

[Event "It (open)"]
[Site "?"]
[Date "2005.07.26"]
[Round "8"]
[White "Tseshkovsky Vitaly"]
[Black "Golod Vitali"]
[Result "1/2-1/2"]
[WhiteElo "2599"]
[BlackElo "2582"]
[PlyCount "126"]
[EventDate "2005.??.??"]
[Source "www.chesslib.no"]
[SourceDate "2004.05.04"]

1. e4 e5 2. Nf3 Nc6 3. d4 exd4 4. Nxd4 Bb4+ 5. c3 Bc5 6. Be3 Bb6 7. Nf5 Bxe3 8. Nxe3 Nf6 9. f3 O-O 10. c4 Ne5 11. Nc3 d6 12. Be2 a6 13. Qd2 Bd7 14. O-O Rb8 15. a4 a5 16. Rad1 b6 17. Ned5 Bc6 18. f4 Ng6 19. Bd3 Nd7 20. Bc2 Re8 21. Qf2 Bxd5 22. cxd5 Nc5 23. Rde1 c6 24. dxc6 Rc8 25. Rd1 Rxc6 26. Qg3 Kh8 27. Rd2 Qf6 28. Qg4 h6 29. g3 Ne7 30. Qh5 Ng8 31. e5 dxe5 32. fxe5 Qxe5 33. Qxe5 Rxe5 34. Rxf7 Re8 35. Kg2 Nf6 36. h3 Kg8 37. Ra7 Rec8 38. Bg6 Ne6 39. Bf5 Re8 40. Re2 Kf8 41. Bg6 Rd8 42. Nb5 Ng5 43. h4 Re6 44. Rc2 Nge4 45. Rf7+ Kg8 46. Rfc7 Kf8 47. Rc8 Rxc8 48. Rxc8+ Ke7 49. Nd4 Re5 50. Rc7+ Kd6 51. Rxg7 Kc5 52. Nf3 Rd5 53. Re7 Nd2 54. Ne1 Kd6 55. Rb7 Nc4 56. Nd3 Ng4 57. b3 Nd2 58. Rxb6+ Kc7 59. Re6 Nxb3 60. Kh3 Rd4 61. Bh5 Rxd3 62. Bxg4 Nc5 63. Rxh6 Ne4 1/2-1/2

[Event "300 Years"]
[Site "?"]
[Date "2003.10.21"]
[Round "4"]
[White "Areshchenko Alexander"]
[Black "Lastin Alexander"]
[Result "1/2-1/2"]
[WhiteElo "2539"]
[BlackElo "2634"]
[PlyCount "28"]
[EventDate "2003.??.??"]
[Source "www.chesslib.no"]
[SourceDate "2004.05.04"]

1. e4 e5 2. Nf3 Nc6 3. d4 exd4 4. Nxd4 Qf6 5. Be3 Bc5 6. c3 Nge7 7. Bc4 b6 8. O-O Bb7 9. f4 O-O-O 10. b4 Nxd4 11. cxd4 Bxb4 12. a3 Ba5 13. Bd3 Rhe8 14. Qe2 Nf5 1/2-1/2

[Event "LXI Lega superiore camp. russo"]
[Site "Novokuznetsk RUS"]
[Date "2008.09.10"]
[Round "7"]
[White "Amonatov, F."]
[Black "Kabanov, N."]
[Result "1-0"]
[WhiteElo "2650"]
[BlackElo "2521"]
[PlyCount "129"]
[EventDate "2008.09.03"]
[Source "www.chesslib.no"]
[SourceDate "2004.05.04"]

1. e4 e5 2. Nf3 Nc6 3. d4 exd4 4. Nxd4 Nge7 5. Bc4 Nxd4 6. Qxd4 Nc6 7. Qe3 Bb4+ 8. Nc3 O-O 9. O-O d6 10. Nd5 Bc5 11. Qg3 Kh8 12. c3 Ne5 13. Bb3 c6 14. Be3 Nd7 15. Nf4 Bxe3 16. Qxe3 Nc5 17. Rad1 Nxb3 18. axb3 Qe7 19. Qd4 Be6 20. Nxe6 Qxe6 21. Qb4 Rad8 22. Qxb7 Qxe4 23. Qxa7 Qc2 24. Qa3 c5 25. Rc1 Qe4 26. Rfe1 Qb7 27. b4 cxb4 28. Qxb4 Qxb4 29. cxb4 Rb8 30. Re4 g6 31. Kf1 Rb7 32. Ke2 Rfb8 33. Kd3 Kg7 34. Rd4 Rxb4 35. Rxb4 Rxb4 36. Kc3 Rb6 37. b4 Kf6 38. Rb1 Ke6 39. b5 Rb8 40. Kb4 d5 41. Kc3 Rb6 42. Kd4 Kd6 43. g4 h5 44. gxh5 gxh5 45. f4 h4 46. Rb3 h3 47. Rb2 Rb7 48. Rb3 Rb6 49. f5 Rb7 50. b6 f6 51. Re3 Rf7 52. Re6+ Kd7 53. Kxd5 Kc8 54. Kd6 Rd7+ 55. Kc6 Rc7+ 56. Kd5 Rg7 57. Kc6 Rc7+ 58. Kb5 Rg7 59. Re3 Rg2 60. Rxh3 Rf2 61. Rh8+ Kb7 62. Rh7+ Kc8 63. Kc6 Rc2+ 64. Kd6 Re2 65. h4 1-0

[Event "La Habana 75/(288)"]
[Site "?"]
[Date "1999.??.??"]
[Round "?"]
[White "Godena, Michele"]
[Black "Morovic Fernandez, Ivan"]
[Result "1/2-1/2"]
[WhiteElo "2552"]
[BlackElo "2613"]
[PlyCount "38"]
[EventDate "1999.??.??"]
[Source "ChessBase"]
[SourceDate "1999.02.01"]

1. e4 e5 2. Nf3 Nc6 3. d4 exd4 4. Nxd4 Bb4+ 5. c3 Bc5 6. Nxc6 bxc6 7. Bd3 Ne7 8. O-O O-O 9. Nd2 d6 10. Kh1 f5 11. f4 Bb6 12. Qc2 h6 13. Nf3 fxe4 14. Bxe4 Bf5 15. Bd2 Qe8 16. Nh4 Bxe4 17. Qxe4 Nf5 18. Qxe8 Raxe8 19. Nxf5 Rxf5 1/2-1/2

[Event "XV Sigeman & Co"]
[Site "Malmo SVE"]
[Date "2007.04.21"]
[Round "4"]
[White "Timman, J."]
[Black "L'Ami, E."]
[Result "1/2-1/2"]
[WhiteElo "2545"]
[BlackElo "2617"]
[PlyCount "33"]
[EventDate "2007.04.18"]
[Source "www.chesslib.no"]
[SourceDate "2004.05.04"]

1. e4 e5 2. Nf3 Nc6 3. d4 exd4 4. Nxd4 Bb4+ 5. c3 Bc5 6. Bc4 Qf6 7. Be3 Nge7 8. O-O O-O 9. Bb3 Bb6 10. Na3 Nxd4 11. Bxd4 Bxd4 12. cxd4 c6 13. e5 Qh6 14. Nc4 d5 15. exd6 Nf5 16. Re1 Be6 17. Ne3 1/2-1/2

[Event "Monarch Assurance"]
[Site "Isle of Man"]
[Date "2007.09.23"]
[Round "2.4"]
[White "Sulskis, Sarunas"]
[Black "Svetushkin, Dmitry"]
[Result "1-0"]
[WhiteElo "2537"]
[BlackElo "2618"]
[PlyCount "81"]
[EventDate "2007.09.22"]
[Source "www.chesslib.no"]
[SourceDate "2004.05.04"]

1. e4 e5 2. d4 exd4 3. Nf3 Nc6 4. Nxd4 Bc5 5. Nxc6 Qf6 6. Qf3 dxc6 7. Bc4 Be6 8. Bxe6 Qxe6 9. Be3 Bb4+ 10. Nd2 O-O-O 11. c3 Bd6 12. O-O Nf6 13. Bg5 Kb8 14. Bxf6 gxf6 15. Nb3 Qe5 16. g3 h5 17. Rad1 h4 18. Nd4 Rh5 19. Nf5 Rdh8 20. Nxd6 cxd6 21. g4 Rg5 22. h3 Rhg8 23. Qd3 Rd8 24. f4 Qc5+ 25. Kg2 Rgg8 26. Qd4 Qa5 27. Qxf6 Qxa2 28. Rf2 Kc7 29. Qxh4 Qe6 30. Re2 Rde8 31. f5 Qc4 32. Qe1 Re5 33. Rd4 Qb5 34. Qd2 Rge8 35. c4 Qb3 36. Re3 Qa2 37. Rxd6 Qxc4 38. Rd7+ Kb6 39. Rd4 Qc5 40. Rb3+ Kc7 41. Rd7+ 1-0

[Event "Wijk aan Zee (open)"]
[Site "?"]
[Date "1995.??.??"]
[Round "?"]
[White "van der Wiel, J."]
[Black "Tkachiev, V."]
[Result "1/2-1/2"]
[WhiteElo "2555"]
[BlackElo "2575"]
[PlyCount "37"]
[EventDate "1995.??.??"]
[Source "ChessBase"]
[SourceDate "1994.10.01"]

1. e4 e5 2. Nf3 Nc6 3. d4 exd4 4. Nxd4 Nge7 5. Bc4 Nxd4 6. Qxd4 Nc6 7. Qd5 Qf6 8. O-O Bb4 9. a3 Ba5 10. Bd2 Bb6 11. Bc3 Qg6 12. Nd2 d6 13. Kh1 Be6 14. Qd3 O-O 15. f4 Bxc4 16. Qxc4 Qe6 17. Qd3 f6 18. Rae1 Rad8 19. Nc4 1/2-1/2

[Event "Dubai op"]
[Site "Dubai"]
[Date "2001.04.17"]
[Round "3"]
[White "Pavasovic, Dusko"]
[Black "Aleksandrov, Aleksej"]
[Result "1/2-1/2"]
[WhiteElo "2515"]
[BlackElo "2610"]
[PlyCount "100"]
[EventDate "2001.04.15"]
[Source "ChessBase"]
[SourceDate "2001.07.05"]

1. e4 e5 2. Nf3 Nc6 3. d4 exd4 4. Nxd4 Qf6 5. Nxc6 Bc5 6. Qd2 dxc6 7. Nc3 Ne7 8. Qf4 Qd6 9. Be3 Bb4 10. Qxd6 cxd6 11. O-O-O Bxc3 12. bxc3 d5 13. Bd4 f6 14. e5 Kf7 15. exf6 gxf6 16. f3 h5 17. Be2 b6 18. g4 c5 19. Bf2 Ng6 20. gxh5 Nf4 21. Bb5 Bb7 22. Rhe1 a6 23. Bd7 Rad8 24. Bg4 f5 25. Bh4 Rde8 26. Rxe8 Rxe8 27. Bxf5 Nxh5 28. Rg1 Re5 29. Bg6+ Ke6 30. Bg5 Nf6 31. f4 Re2 32. Bd3 Rxh2 33. f5+ Kf7 34. Bxf6 Kxf6 35. Rg6+ Kf7 36. Rxb6 Bc8 37. c4 Rf2 38. cxd5 Bxf5 39. Rxa6 Bxd3 40. cxd3 Ke7 41. a4 Ra2 42. a5 Kd7 43. d6 Ke6 44. Kb1 Rd2 45. Ra8 Kxd6 46. Rb8 Kc7 47. Rb3 Rh2 48. Rc3 Kc6 49. Rb3 Rh4 50. Kb2 Ra4 1/2-1/2

[Event "Prague Hagemann m"]
[Site "Prague"]
[Date "2000.09.08"]
[Round "3"]
[White "Oral, Tomas"]
[Black "Aleksandrov, Aleksej"]
[Result "1/2-1/2"]
[WhiteElo "2531"]
[BlackElo "2591"]
[PlyCount "106"]
[EventDate "2000.09.06"]
[Source "ChessBase"]
[SourceDate "2001.01.25"]

1. e4 e5 2. Nf3 Nc6 3. d4 exd4 4. Nxd4 Qf6 5. Nxc6 Bc5 6. Qd2 dxc6 7. Nc3 Ne7 8. Qf4 Qd6 9. Be3 Bb4 10. Qxd6 cxd6 11. O-O-O d5 12. Bd4 O-O 13. a3 Bxc3 14. Bxc3 Bg4 15. f3 Be6 16. exd5 Nxd5 17. Bd4 Rfd8 18. c4 Ne7 19. Be2 f6 20. Bf2 Ng6 21. Rxd8+ Rxd8 22. Rd1 Rxd1+ 23. Kxd1 a6 24. Kd2 Kf7 25. Kc3 Ke7 26. Kd4 Nf4 27. Bf1 Bf5 28. Kc3 Kd7 29. Be3 Ng6 30. Kd4 Kd6 31. b4 Nf8 32. g4 Ne6+ 33. Kc3 Bb1 34. h4 h6 35. Bf2 Kd7 36. Kb2 Bh7 37. Kc3 Bb1 38. Kd2 Bh7 39. Ke3 Bb1 40. Be1 Nf8 41. Be2 Ng6 42. f4 Kd6 43. h5 Ne7 44. Bc3 Ke6 45. Bd1 Ba2 46. Kd4 Nc8 47. Bc2 Nd6 48. Bd3 b5 49. c5 Ne8 50. Be4 Kd7 51. Ke3 Nc7 52. g5 Nd5+ 53. Bxd5 Bxd5 1/2-1/2

[Event "Prague Hagemann m"]
[Site "Prague"]
[Date "2000.09.10"]
[Round "5"]
[White "Oral, Tomas"]
[Black "Aleksandrov, Aleksej"]
[Result "1-0"]
[WhiteElo "2531"]
[BlackElo "2591"]
[PlyCount "55"]
[EventDate "2000.09.06"]
[Source "ChessBase"]
[SourceDate "2001.01.25"]

1. e4 e5 2. Nf3 Nc6 3. d4 exd4 4. Nxd4 Qf6 5. Nxc6 Bc5 6. Qd2 dxc6 7. Nc3 Ne7 8. Qf4 Qd6 9. Be3 Bb4 10. Qxd6 cxd6 11. O-O-O Bxc3 12. bxc3 d5 13. Bd4 O-O 14. Bc5 Re8 15. c4 dxe4 16. Bxe7 Bg4 17. f3 exf3 18. Re1 fxg2 19. Bxg2 Be6 20. Bc5 Bxc4 21. a3 Be6 22. Re3 Red8 23. Rhe1 h6 24. Rg3 Rd7 25. Bb4 Bf5 26. Bc3 g6 27. Re5 Be6 28. Rxe6 1-0

[Event "NED Ch"]
[Site "NED"]
[Date "1987.??.??"]
[Round "?"]
[White "Van der Wiel, John T H"]
[Black "Sosonko, Gennadi P"]
[Result "1/2-1/2"]
[WhiteElo "2590"]
[BlackElo "2530"]
[PlyCount "56"]
[EventDate "1987.06.??"]
[Source "www.chesslib.no"]
[SourceDate "2004.05.04"]

1. e4 e5 2. Nf3 Nc6 3. d4 exd4 4. Nxd4 Qf6 5. Nb5 Bc5 6. Qe2 Bb6 7. N1c3 Nge7 8. Be3 Ba5 9. O-O-O a6 10. Nd5 Nxd5 11. exd5 axb5 12. Bd4+ Qe7 13. dxc6 dxc6 14. Qxe7+ Kxe7 15. Bxg7 Rg8 16. Bd4 Bb6 17. Bxb6 cxb6 18. a3 Be6 19. g3 b4 20. Rd3 bxa3 21. Rxa3 Rxa3 22. bxa3 Bf5 23. Bc4 b5 24. Re1+ Kf6 25. Bf1 Ra8 26. Kb2 Ra4 27. Re3 Rd4 28. Kc1 h6 1/2-1/2

[Event "NLD Ch"]
[Site "NLD-ch"]
[Date "1987.??.??"]
[Round "?"]
[White "Van der Wiel, John T H"]
[Black "Sosonko, Gennadi P"]
[Result "1/2-1/2"]
[WhiteElo "2590"]
[BlackElo "2530"]
[PlyCount "33"]
[EventDate "1987.??.??"]
[Source "www.chesslib.no"]
[SourceDate "2004.05.04"]

1. e4 e5 2. Nf3 Nc6 3. d4 exd4 4. Nxd4 Qf6 5. Nb5 Bc5 6. Qe2 Bb6 7. N1c3 Nge7 8. Be3 Ba5 9. O-O-O a6 10. Nd5 Nxd5 11. exd5 axb5 12. dxc6 Qe6 13. cxb7 Bxb7 14. Qxb5 Bc6 15. Qb3 O-O 16. Bd4 Qh6+ 17. Qe3 1/2-1/2

[Event "Europa ch 2008"]
[Site "Plovdiv BUL"]
[Date "2008.04.23"]
[Round "3.14"]
[White "Szabo, Gergely"]
[Black "Gustafsson, Jan"]
[Result "1-0"]
[WhiteElo "2516"]
[BlackElo "2603"]
[PlyCount "65"]
[EventDate "2008.04.21"]
[Source "www.chesslib.no"]
[SourceDate "2004.05.04"]

1. e4 e5 2. Nf3 Nc6 3. d4 exd4 4. Nxd4 Bb4+ 5. c3 Bc5 6. Be3 Bb6 7. Nxc6 bxc6 8. Bd4 Nf6 9. Nd2 O-O 10. Bd3 c5 11. Bxf6 Qxf6 12. O-O d6 13. Nc4 c6 14. e5 dxe5 15. Qh5 g6 16. Qxe5 Qxe5 17. Nxe5 Re8 18. Rfe1 f6 19. Nc4 Bd7 20. Nd6 Rxe1+ 21. Rxe1 Kf8 22. a4 Bd8 23. Re2 Be7 24. Nc4 Rd8 25. Bc2 Rb8 26. Kf1 Kf7 27. Bd3 Be6 28. Na5 Rb6 29. Ke1 Bd5 30. g3 Rb8 31. Bc4 Kf8 32. Bxd5 cxd5 33. Rxe7 1-0

[Event "Deutschland 81/263"]
[Site "?"]
[Date "2001.??.??"]
[Round "?"]
[White "Nataf, I.-A."]
[Black "Aleksandrov, A."]
[Result "1/2-1/2"]
[WhiteElo "2526"]
[BlackElo "2591"]
[PlyCount "87"]
[EventDate "2001.??.??"]
[Source "Chess Informant"]
[SourceDate "2001.02.01"]

1. e4 e5 2. Nf3 Nc6 3. d4 exd4 4. Nxd4 Qf6 5. Nxc6 Bc5 6. Qd2 dxc6 7. Nc3 Ne7 8. Qf4 Qd6 9. Be3 Bb4 10. Rd1 Ng6 11. Rxd6 Nxf4 12. Rd2 Ng6 13. f4 O-O 14. Kf2 b5 15. g3 f6 16. Be2 a6 17. Rhd1 Bd6 18. Bf3 Bb7 19. Ne2 Rfe8 20. h4 Rab8 21. h5 Nf8 22. Nd4 Ne6 23. Nxe6 Rxe6 24. f5 Ree8 25. Bf4 c5 26. Bxd6 cxd6 27. Rxd6 Bxe4 28. Bxe4 Rxe4 29. Rxa6 Rbe8 30. Rd2 h6 31. Rad6 Ra4 32. a3 b4 33. Rd8 Rxd8 34. Rxd8+ Kf7 35. Rd7+ Kf8 36. axb4 Rxb4 37. b3 c4 38. Rd4 Rb5 39. Rxc4 Rxf5+ 40. Ke3 Rxh5 41. b4 Rg5 42. g4 Ke7 43. Rd4 h5 44. gxh5 1/2-1/2

[Event "BL2-West 0001"]
[Site "Germany"]
[Date "2001.03.11"]
[Round "7.1"]
[White "Nataf, Igor Alexandre"]
[Black "Aleksandrov, Aleksej"]
[Result "1/2-1/2"]
[WhiteElo "2526"]
[BlackElo "2591"]
[PlyCount "44"]
[EventDate "2000.10.15"]
[Source "ChessBase"]
[SourceDate "2001.07.03"]

1. e4 e5 2. Nf3 Nc6 3. d4 exd4 4. Nxd4 Qf6 5. Nxc6 Bc5 6. Qd2 dxc6 7. Nc3 Ne7 8. Qf4 Qd6 9. Be3 Bb4 10. Rd1 Ng6 11. Rxd6 Nxf4 12. Rd2 Ng6 13. f4 O-O 14. Kf2 c5 15. g3 f6 16. Be2 a6 17. Rhd1 Be6 18. Bf3 Bf7 19. Be2 Rfe8 20. h4 Rab8 21. h5 Nf8 22. Bd3 Ne6 1/2-1/2

[Event "RUS-Cup"]
[Site "?"]
[Date "2000.??.??"]
[Round "6"]
[White "Lastin Alexander"]
[Black "Aleksandrov Aleksej"]
[Result "1/2-1/2"]
[WhiteElo "2510"]
[BlackElo "2606"]
[PlyCount "91"]
[EventDate "2000.??.??"]
[Source "www.chesslib.no"]
[SourceDate "2004.05.04"]

1. e4 e5 2. Nf3 Nc6 3. d4 exd4 4. Nxd4 Qf6 5. Be3 Bc5 6. c3 Nge7 7. Bc4 Ne5 8. Be2 Qg6 9. O-O d6 10. f4 Qxe4 11. Bf2 Bxd4 12. cxd4 N5g6 13. Nc3 Qxf4 14. Nb5 O-O 15. Nxc7 Rb8 16. d5 b6 17. Nb5 Qg5 18. Nxa7 Bb7 19. Nc6 Nxc6 20. dxc6 Bxc6 21. Bf3 Bxf3 22. Qxf3 Qb5 23. Bd4 Ne5 24. Qf2 f5 25. a4 Qb4 26. Bc3 Qb3 27. Rad1 Qe6 28. Qd4 Rfd8 29. Qd5 Qxd5 30. Rxd5 g6 31. Re1 Rbc8 32. Bxe5 dxe5 33. Rdxe5 Rd2 34. R1e2 Rxe2 35. Rxe2 Kf7 36. Kf2 Rc1 37. b3 Rb1 38. Re3 Rb2+ 39. Kf3 Kf6 40. h4 Rd2 41. g3 Rd4 42. Ke2 h6 43. Rc3 Rb4 44. Rc6+ Kg7 45. Rc7+ Kf6 46. Rc6+ 1/2-1/2

[Event "Makarska"]
[Site "?"]
[Date "1997.10.05"]
[Round "3"]
[White "Palac Mladen"]
[Black "Degraeve Jean Marc"]
[Result "1/2-1/2"]
[WhiteElo "2575"]
[BlackElo "2540"]
[PlyCount "37"]
[EventDate "1997.??.??"]
[Source "www.chesslib.no"]
[SourceDate "2004.05.04"]

1. e4 e5 2. Nf3 Nc6 3. d4 exd4 4. Nxd4 Nge7 5. Bc4 Nxd4 6. Qxd4 Nc6 7. Qd5 Qf6 8. O-O Ne5 9. Be2 c6 10. Qb3 h5 11. Qc3 Ng4 12. h3 Bd6 13. Qxf6 Nxf6 14. Bd3 O-O 15. Nc3 Re8 16. Bg5 Be5 17. Rae1 d6 18. Nd1 Be6 19. a3 1/2-1/2

[Event "JUG-chT"]
[Site "Niksic"]
[Date "1997.??.??"]
[Round "4"]
[White "Strikovic, Aleksa"]
[Black "Djuric, Stefan"]
[Result "0-1"]
[WhiteElo "2560"]
[BlackElo "2545"]
[PlyCount "70"]
[EventDate "1997.08.27"]
[Source "ChessBase"]
[SourceDate "1997.09.26"]

1. e4 e5 2. Nf3 Nc6 3. d4 exd4 4. Nxd4 d6 5. Nc3 Nf6 6. Be2 Be7 7. O-O O-O 8. Be3 Re8 9. Qd2 Ne5 10. Rad1 Neg4 11. Bg5 h6 12. Bh4 Nxe4 13. Bxe7 Qxe7 14. Nxe4 Qxe4 15. Rde1 Rf8 16. Bd3 Qd5 17. Nb5 Qc5 18. b4 Qb6 19. Re7 c5 20. Nxd6 cxb4 21. Bc4 Be6 22. Bxe6 fxe6 23. Rxb7 Qc5 24. Qxb4 Qh5 25. h3 Nxf2 26. Qd4 Nxh3+ 27. gxh3 Qg5+ 28. Qg4 Qe3+ 29. Kg2 Qd2+ 30. Kg3 Qxd6+ 31. Kh4 g5+ 32. Kh5 Rxf1 33. Qe4 Rf5 34. Kg6 e5+ 35. Kh5 Raf8 0-1

[Event "Mondariz Balneario (zt)"]
[Site "?"]
[Date "2000.??.??"]
[Round "?"]
[White "Nataf, I._A."]
[Black "Miles, A."]
[Result "1/2-1/2"]
[WhiteElo "2525"]
[BlackElo "2580"]
[PlyCount "120"]
[EventDate "2000.??.??"]
[Source "Chess Informant"]
[SourceDate "2000.06.01"]

1. e4 Nc6 2. d4 e5 3. Nf3 exd4 4. Nxd4 Bb4+ 5. c3 Bc5 6. Nxc6 bxc6 7. Bd3 Ne7 8. h4 O-O 9. h5 h6 10. Bxh6 gxh6 11. Qg4+ Kh8 12. Qf4 Bxf2+ 13. Qxf2 Ng8 14. Nd2 Qf6 15. Nf3 d6 16. O-O-O Be6 17. a3 c5 18. e5 Qg7 19. g4 Rad8 20. exd6 cxd6 21. Rdg1 Qf6 22. Qg3 Bd5 23. Rf1 Rde8 24. g5 hxg5 25. Nxg5 Qh6 26. Rhg1 f6 27. Qxd6 Bf7 28. Kb1 fxg5 29. Qxc5 Rd8 30. Bc2 Rd5 31. Qxa7 Qg7 32. Bb3 Nf6 33. Qb6 Nd7 34. Qc7 Rb5 35. Bxf7 Rxf7 36. Qc8+ Qg8 37. Qc6 Rb6 38. Qe4 Nf6 39. Qd4 Qb8 40. Rf2 Rd7 41. Qe3 Nh7 42. c4 Rb3 43. Qc5 Qd6 44. Qxd6 Rxd6 45. c5 Rc6 46. Ka2 Re3 47. b4 Ra6 48. b5 Ra5 49. a4 Rxa4+ 50. Kb1 Rb4+ 51. Rb2 Reb3 52. Rgg2 Nf6 53. b6 Ne4 54. Rxb3 Rxb3+ 55. Ka2 Rb5 56. Rg4 Nc3+ 57. Ka3 Nb1+ 58. Ka2 Nc3+ 59. Ka3 Nb1+ 60. Ka2 Nc3+ 1/2-1/2

[Event "Commonwealth Ch"]
[Site "Mumbai"]
[Date "2003.04.27"]
[Round "10"]
[White "Ganguly, Surya Shekhar"]
[Black "Sorokin, Maxim"]
[Result "1/2-1/2"]
[WhiteElo "2542"]
[BlackElo "2560"]
[PlyCount "93"]
[EventDate "2003.04.20"]
[Source "Roberto Alvarez"]
[SourceDate "2003.04.28"]

1. e4 e5 2. Nf3 Nc6 3. d4 exd4 4. Nxd4 Bb4+ 5. c3 Bc5 6. Be3 Bb6 7. Bc4 d6 8. O-O Nge7 9. Nd2 O-O 10. Bb3 Nxd4 11. Bxd4 Nc6 12. Bxb6 axb6 13. f4 Be6 14. Bc2 f6 15. Nf3 Qd7 16. Qd3 g6 17. Nd4 Nxd4 18. Qxd4 Qb5 19. f5 Bc4 20. Rf2 Qc5 21. b3 Bb5 22. fxg6 hxg6 23. a4 Bc6 24. Re1 Kg7 25. Re3 Rae8 26. b4 Qe5 27. Rfe2 Rh8 28. g3 Re7 29. b5 Bd7 30. Qd5 Bc8 31. Bb3 Be6 32. Qxe5 dxe5 33. Bxe6 Rxe6 34. Rd3 Rd6 35. Rxd6 cxd6 36. Rd2 Rd8 37. Kf2 f5 38. Ke3 Kf6 39. h4 Ke6 40. c4 Rh8 41. Ra2 fxe4 42. Kxe4 Rc8 43. Kd3 d5 44. Rd2 Rxc4 45. Ke3 Rxa4 46. Kf2 Ra3 47. g4 1/2-1/2

[Event "Memorial K.Tsiolkovsky (open)"]
[Site "Kaluga (Russia)"]
[Date "2007.08.12"]
[Round "9"]
[White "Amonatov Farrukh (TJK)"]
[Black "Yandemirov Valeri (RUS)"]
[Result "1/2-1/2"]
[WhiteElo "2598"]
[BlackElo "2504"]
[PlyCount "28"]
[EventDate "2007.??.??"]
[Source "www.chesslib.no"]
[SourceDate "2004.05.04"]

1. e4 e5 2. Nf3 Nc6 3. d4 exd4 4. Nxd4 Bb4+ 5. c3 Bc5 6. Be3 Bb6 7. Qg4 Qf6 8. Qg3 Qg6 9. Nd2 Nge7 10. Bd3 Qxg3 11. hxg3 Nxd4 12. Bxd4 O-O 13. Bxb6 axb6 14. a3 h6 1/2-1/2

[Event "Yerevan ARM"]
[Site "?"]
[Date "1996.09.27"]
[Round "11"]
[White "Palac Mladen CRO"]
[Black "Djuric Stefan YUG"]
[Result "1-0"]
[WhiteElo "2540"]
[BlackElo "2560"]
[PlyCount "55"]
[EventDate "1996.??.??"]
[Source "www.chesslib.no"]
[SourceDate "2004.05.04"]

1. e4 e5 2. Nf3 Nc6 3. d4 exd4 4. Nxd4 Bb4+ 5. c3 Be7 6. Bf4 Nf6 7. e5 Nd5 8. Bg3 Nxd4 9. Qxd4 c6 10. Bc4 Nb6 11. Bb3 O-O 12. Nd2 d5 13. exd6 Bf6 14. Qd3 Re8+ 15. Ne4 Bf5 16. f3 Nd7 17. O-O Be5 18. Bxe5 Rxe5 19. Qd4 c5 20. Qf2 Bxe4 21. fxe4 Nf6 22. Rad1 Rxe4 23. Qxc5 Qd7 24. Rde1 Rxe1 25. Rxe1 Re8 26. Re7 Rxe7 27. dxe7 h5 28. Qe5 1-0

[Event "ARM Ch"]
[Site "Erevan ARM"]
[Date "1996.??.??"]
[Round "2"]
[White "Minasian, Artashes"]
[Black "Anastasian, Ashot"]
[Result "1-0"]
[WhiteElo "2580"]
[BlackElo "2520"]
[PlyCount "35"]
[EventDate "1996.??.??"]
[Source "www.chesslib.no"]
[SourceDate "2004.05.04"]

1. e4 e5 2. Nf3 Nc6 3. d4 exd4 4. Nxd4 Nxd4 5. Qxd4 Ne7 6. Bc4 Nc6 7. Qd5 Qf6 8. O-O Be7 9. Nc3 O-O 10. Qd1 Bd8 11. Nd5 Qg6 12. Re1 Ne5 13. Be2 d6 14. f4 Bh3 15. Ne3 Bh4 16. Rf1 Qxe4 17. gxh3 Ng6 18. Bd3 1-0